| 000 | 00801nam a2200241 a 4500 | ||
|---|---|---|---|
| 005 | 20240925070031.0 | ||
| 008 | 991125s1941 mx 000 0 spa u | ||
| 020 | _a9681605365 | ||
| 035 | _aUPN01000058108 | ||
| 040 |
_aUPN _bspa _cUPN |
||
| 049 | _aCG | ||
| 050 | 4 |
_aHX810 _bU8.38 |
|
| 245 | 0 | 0 |
_aUtopías del renacimiento / _cestudio prelim. de Eugenio Imaz ; tr. Agustín Millares Carlo. |
| 260 |
_aMéxico : _bFCE, _c1941. |
||
| 300 | _a273 p. | ||
| 440 | 0 |
_aPopular ; _v121 |
|
| 505 |
_aContenido: _tUtopías / Tomás Moro -- _tLa ciudad del sol / Tomaso Campanella -- _tNueva Atlntida / Francis Bacon |
||
| 590 | _aBibliografía Básica (BGTQ) | ||
| 590 | _a(También localizas un ejemplar en el "Area de Reserva") | ||
| 650 | 4 |
_aUtopías _917449 |
|
| 905 | _aLibro | ||
| 942 |
_2lcc _cLIBRO |
||
| 999 |
_c58108 _d58108 |
||